00345nam a2200121Ia 4500008004100000020001500041082001800056100001600074245004600090260007400136300000800210650000500218140316s9999 xx 000 0 und d a8185116296 a613.8bTAN/FE aTandon ,HLS aFertilizer management in commercial crops aNew DelhibFertilizer development and consultation organisationc1993 a175 a